| 000 | 00522nam a2200181Ia 4500 | ||
|---|---|---|---|
| 008 | 090123s9999 xx 000 0 und d | ||
| 082 | _b37340 | ||
| 100 | _aगोडबोले अशोक | ||
| 245 | _aआत्मशोध | ||
| 250 | _a1 | ||
| 260 |
_bश्रध्दा प्रकाशन _c2004 |
||
| 300 | _a122 | ||
| 600 | _aगोडबोले अशोक | ||
| 630 | _aआत्मशोध | ||
| 700 | _aगोडबोले अशोक | ||
| 730 | _aआत्मशोध | ||
| 942 | _cBOOK | ||
| 999 |
_c75408 _d75408 |
||